000 00896na a2200253 4500
001 16479
003 MIRAKIL
005 20181213154917.0
008 161008b tu 000 0
040 _aMilas
_btur
_cTR-AnCHP
041 _atur
_aeng
082 _a338.64016
_bK67k [t.y.]
090 _a338.64016 K67k [t.y.]
110 _aKonya Organize Sanayi (KOS)
245 _aKonya organize sanayi bölgesi tanıtım kataloğu = Konya organized industrial zone catalogue
_cKonya Organize Sanayi Bölge Müdürlüğü
246 _aKonya organized industrial zone catalogue
260 _aKonya
_bKOS
_c[t.y.]
300 _a408 s.
_bfotğ.
_c22x24 sm.
_e+ 1 CD
504 _aDizin var.
610 _aKonya Organize Sanayi (KOS) Genel Müdürlüğü
650 _aSanayi bölgeleri
_xTanıtım
_yKataloglar
_zKonya
650 _aTicaret
_xOrganize sanayi bölgeleri
_zKonya
942 _2ddc
_cBKS
999 _c3022
_d3022